000 00333nam a2200145Ia 4500
008 230718s9999 xx 000 0 und d
041 _aEng.
082 _a344.014
_bBOW-I
100 _aBowes, Jhon
245 0 _aIndustrial Tribunal
260 _aPakistan
_bSweet and maxwell
_c1997
300 _a323
650 _aLaw
999 _c30158
_d30158